| 000 | 02117cam a2200565 i 4500 | ||
|---|---|---|---|
| 999 |
_c364 _d364 |
||
| 001 | 3606171 | ||
| 003 | ALUPE UNIVERSITY | ||
| 005 | 20210611135142.0 | ||
| 008 | 780104s1978 enka b 001 0 eng | ||
| 010 | _a 77029099 | ||
| 015 |
_aGB7833772 _2bnb |
||
| 016 | 7 |
_a7902467 _2DNLM |
|
| 020 | _a0470263121 | ||
| 020 | _a9780470263129 | ||
| 020 | _a9780412156007 | ||
| 020 | _a0412156008 | ||
| 035 |
_a(OCoLC)03608520 _z(OCoLC)233687362 _z(OCoLC)877647523 _z(OCoLC)1023067216 _z(OCoLC)1170233862 _z(OCoLC)1172056844 |
||
| 035 | _aucoclc3608520 | ||
| 037 | _c�1.75 | ||
| 040 |
_aDLC _beng _cDLC _dMET _dBAKER _dBTCTA _dNLM _dYDXCP _dAU@ _dTOZ _dOCLCO _dOCLCF _dNLE _dMXL _dOCLCQ _dZWZ _dOCLCQ _dLTU _dIOC _dOCLCO _dDHA _dOCLCA _dOCLCQ _dUKBTH _dUNITY _dMM9 |
||
| 050 | 0 | 0 |
_aGN281 _b.W67 |
| 060 | 0 | 0 |
_aQH 366.2 _bW873h 1978 |
| 080 | 0 | _a572 | |
| 080 | _a575.4 | ||
| 082 | 0 | 0 |
_a599.938 _221 |
| 082 | 0 | 4 | _a572.9 |
| 083 | 0 | _aMan. Evolution | |
| 100 | 1 | _aWood, Bernard A. | |
| 245 | 1 | 0 |
_aHuman evolution / _cB.A. Wood. |
| 260 |
_aLondon : _bChapman and Hall ; _aNew York : _bWiley, _c1978. |
||
| 300 |
_a80 pages : _billustrations ; _c21 cm. |
||
| 336 |
_atext _btxt _2rdacontent |
||
| 337 |
_aunmediated _bn _2rdamedia |
||
| 338 |
_avolume _bnc _2rdacarrier |
||
| 490 | 1 | _aOutline studies in biology | |
| 500 | _a"A Halsted Press book." | ||
| 504 | _aIncludes bibliographical references and index. | ||
| 505 | 0 | _aIntroduction: scientific basis -- Hominid origins -- Australopithecines -- human ancestors or rivals? -- The first men -- the earliest evidence of Homo -- The "neanderthal" problem -- Evidence of modern man. | |
| 530 | _aAlso issued online. | ||
| 650 | 0 | _aHuman evolution. | |
| 650 | 1 | _aEvolution. | |
| 650 | 2 | _aBiological Evolution. | |
| 650 | 7 |
_aHuman evolution. _2fast _0(OCoLC)fst00963030 |
|
| 776 | 0 | 8 |
_iOnline version: _aWood, Bernard A. _tHuman evolution. _dLondon : Chapman and Hall ; New York : Wiley, 1978 _w(OCoLC)557882972 |
| 830 | 0 | _aOutline studies in biology. | |
| 910 | _aUclaCollMgr MonosBKS19771980 20210504 | ||
| 910 | _ams 052279 | ||
| 910 | _aMARS | ||
| 942 |
_2lcc _cBK _nDO |
||